[Event "NatWest Young Masters"]
[Site "London"]
[Date "1990.08.29"]
[Round "1"]
[White "Agnos, Demetrios"]
[Black "Ledger, Andrew"]
[Result "0-1"]
[WhiteElo "2400"]
[BlackElo "2350"]
[PlyCount "102"]
[EventDate "1990.08.29"]
[EventType "tourn"]
[EventRounds "9"]
[EventCountry "ENG"]

1. e4 c6 2. d4 d5 3. Nd2 g6 4. Ngf3 Bg7 5. c3 Nh6 6. Bd3 O-O 7. O-O f6 8. Re1
Nf7 9. Nf1 e5 10. Ng3 f5 11. exf5 e4 12. fxg6 hxg6 13. Nxe4 dxe4 14. Bxe4 Qf6
15. Qc2 g5 16. Ne5 Nxe5 17. Bh7+ Kh8 18. dxe5 Qh6 19. Bg6 Be6 20. h4 Qxh4 21.
g3 Qh6 22. Re4 Rxf2 23. Qxf2 Qxg6 24. Qe2 Nd7 25. c4 Re8 26. g4 Bf7 27. Bd2
Rxe5 28. Rxe5 Nxe5 29. Bc3 Qd3 30. Qxd3 Nxd3 31. Bxg7+ Kxg7 32. b3 Ne5 33. Rd1
Be6 34. Rd8 a6 35. a4 Nd7 36. b4 Bxg4 37. c5 a5 38. b5 Nxc5 39. bxc6 bxc6 40.
Ra8 Nb3 41. Kf2 Be6 42. Ke3 Kf6 43. Rh8 Kf5 44. Rf8+ Ke5 45. Rh8 c5 46. Rh5 Kf5
47. Rh8 c4 48. Rf8+ Ke5 49. Rh8 Bd7 50. Rg8 g4 51. Rg7 Kd6 0-1

[Event "NatWest Young Masters"]
[Site "London"]
[Date "1990.08.29"]
[Round "1"]
[White "Barua, Dibyendu"]
[Black "Webster, Andrew"]
[Result "1-0"]
[WhiteElo "2490"]
[BlackElo "2335"]
[PlyCount "81"]
[EventDate "1990.08.29"]
[EventType "tourn"]
[EventRounds "9"]
[EventCountry "ENG"]

1. e4 g6 2. d4 Bg7 3. Nf3 c6 4. Be2 d5 5. exd5 cxd5 6. O-O Nc6 7. c3 Nf6 8. Bf4
Ne4 9. Nbd2 Nxd2 10. Qxd2 Bg4 11. h3 Bxf3 12. Bxf3 O-O 13. Rfe1 e6 14. g4 b5
15. b4 a5 16. a3 Qb6 17. Kg2 Rfd8 18. h4 axb4 19. axb4 Rxa1 20. Rxa1 e5 21. Bg5
f6 22. Be3 exd4 23. cxd4 Bf8 24. Rb1 Qb7 25. Qc3 Qd7 26. Be2 Ra8 27. Kf1 Qe6
28. Bf3 Kh8 29. Qd3 Rb8 30. Bd2 Bd6 31. Bc3 Kg7 32. Qe2 Qg8 33. Ra1 Kh8 34. Qb2
Ne7 35. Ra6 Qd8 36. Qa2 Rc8 37. Bd2 Rc4 38. Be2 Rxd4 39. Ra8 Bb8 40. Qb2 Nc6
41. Bxb5 1-0

[Event "NatWest Young Masters"]
[Site "London"]
[Date "1990.08.29"]
[Round "1"]
[White "Madl, Ildiko"]
[Black "Morris, Philip"]
[Result "1/2-1/2"]
[WhiteElo "2375"]
[BlackElo "2380"]
[PlyCount "71"]
[EventDate "1990.08.29"]
[EventType "tourn"]
[EventRounds "9"]
[EventCountry "ENG"]

1. e4 e5 2. Nf3 Nc6 3. Bb5 a6 4. Ba4 Nf6 5. O-O Be7 6. Re1 b5 7. Bb3 d6 8. c3
O-O 9. h3 Na5 10. Bc2 c5 11. d4 Nd7 12. Nbd2 cxd4 13. cxd4 Nc6 14. Nb3 a5 15.
Be3 a4 16. Nbd2 exd4 17. Nxd4 Nxd4 18. Bxd4 Ne5 19. Nf1 Be6 20. Ne3 Rc8 21. b3
Nc6 22. Bb2 Nb4 23. bxa4 Nxc2 24. Nxc2 bxa4 25. Nd4 Bd7 26. Nf5 Bxf5 27. exf5
Bf6 28. Bxf6 Qxf6 29. Qxa4 Qxf5 30. Qd4 Qc5 31. Red1 Qxd4 32. Rxd4 Rfd8 33. a4
Ra8 34. Rb1 Rd7 35. Rb6 Kf8 36. Rbxd6 1/2-1/2

[Event "NatWest Young Masters"]
[Site "London"]
[Date "1990.08.29"]
[Round "1"]
[White "McNab, Colin Anderson"]
[Black "Ravikumar, Vaidyanathan"]
[Result "0-1"]
[WhiteElo "2385"]
[BlackElo "2355"]
[PlyCount "94"]
[EventDate "1990.08.29"]
[EventType "tourn"]
[EventRounds "9"]
[EventCountry "ENG"]

1. Nf3 g6 2. c4 Bg7 3. Nc3 e5 4. d4 exd4 5. Nxd4 Nc6 6. Nxc6 bxc6 7. g3 Ne7 8.
Bg2 O-O 9. O-O d6 10. Qa4 Bd7 11. Rd1 Re8 12. c5 d5 13. e4 dxe4 14. Nxe4 Nd5
15. Bg5 Qc8 16. Rab1 Rb8 17. Bd2 Rxb2 18. Rxb2 Bxb2 19. Rb1 Bg7 20. Qxa7 h6 21.
Rc1 Qa8 22. Qxa8 Rxa8 23. Nc3 Nxc3 24. Bxc3 Rxa2 25. Bxg7 Kxg7 26. h4 Kf6 27.
Bf3 Ra3 28. Bg2 h5 29. Rc4 Be6 30. Rf4+ Ke7 31. Bxc6 Rc3 32. Rb4 Rxc5 33. Bf3
Rc3 34. Be2 c5 35. Rb8 Bf5 36. Ra8 Be6 37. Kf1 Rc2 38. Ke1 Rb2 39. Ra7+ Kd6 40.
Ra4 Rb4 41. Ra1 c4 42. Kd2 Kd5 43. Kc2 Kd4 44. Rd1+ Kc5 45. f3 Bf5+ 46. Kd2 Kd4
47. g4 Bd3 0-1

[Event "NatWest Young Masters"]
[Site "London"]
[Date "1990.08.29"]
[Round "1"]
[White "Tozer, Richard"]
[Black "Ward, Christopher R"]
[Result "1/2-1/2"]
[WhiteElo "2285"]
[BlackElo "2460"]
[PlyCount "112"]
[EventDate "1990.08.29"]
[EventType "tourn"]
[EventRounds "9"]
[EventCountry "ENG"]

1. d4 e6 2. c4 Bb4+ 3. Bd2 a5 4. g3 d6 5. Nf3 Nc6 6. Bg2 e5 7. d5 Bxd2+ 8. Qxd2
Nb8 9. O-O Nf6 10. Nc3 Na6 11. e4 Nc5 12. Ne1 O-O 13. b3 c6 14. Nd3 Nxd3 15.
Qxd3 cxd5 16. cxd5 Nd7 17. Qe3 Nc5 18. f4 Qe7 19. Rf2 Bd7 20. Bf1 exf4 21. gxf4
f6 22. Re1 Rae8 23. Rfe2 b5 24. Qg3 b4 25. Nb1 Qf7 26. f5 Bb5 27. Re3 Bxf1 28.
Kxf1 Qc7 29. Nd2 Nd7 30. Nf3 Qc5 31. Qg1 Ne5 32. Nxe5 fxe5 33. Kg2 Rc8 34. Kh1
Rf7 35. Qg4 Rcc7 36. Rg3 Qf2 37. Reg1 Rf6 38. Qh4 Kh8 39. Rxg7 Qf3+ 40. R7g2
Rf8 41. h3 Rc3 42. Kh2 Qf4+ 43. Qxf4 exf4 44. Rf2 f3 45. Re1 Rg8 46. e5 dxe5
47. Rxe5 Rg5 48. d6 Rd3 49. h4 Rg4 50. f6 Kg8 51. Rxa5 Rxh4+ 52. Kg3 Rh6 53.
Rxf3 Rxf3+ 54. Kxf3 Rxf6+ 55. Ke3 Rxd6 56. Rb5 Ra6 1/2-1/2

[Event "NatWest Young Masters"]
[Site "London"]
[Date "1990.08.30"]
[Round "2"]
[White "Madl, Ildiko"]
[Black "McNab, Colin Anderson"]
[Result "1/2-1/2"]
[WhiteElo "2375"]
[BlackElo "2385"]
[PlyCount "57"]
[EventDate "1990.08.29"]
[EventType "tourn"]
[EventRounds "9"]
[EventCountry "ENG"]

1. e4 g6 2. d4 d6 3. Nc3 Bg7 4. Be3 c6 5. Qd2 Nf6 6. Bh6 Bxh6 7. Qxh6 Qa5 8.
Bd3 Na6 9. Bxa6 bxa6 10. Qd2 Rb8 11. b3 O-O 12. Nge2 c5 13. d5 Bd7 14. O-O c4
15. Qd4 cxb3 16. axb3 Qb6 17. Qxb6 Rxb6 18. f3 Rc8 19. Kf2 e5 20. dxe6 fxe6 21.
Rfd1 Kf7 22. Ra5 Rc7 23. Ke3 Rbc6 24. Rd3 Bc8 25. Kd2 Nd7 26. Rd4 Rc5 27. Ra2
Ke7 28. Nd1 Nb6 29. Nec3 1/2-1/2

[Event "NatWest Young Masters"]
[Site "London"]
[Date "1990.08.30"]
[Round "2"]
[White "Morris, Philip"]
[Black "Ledger, Andrew"]
[Result "1/2-1/2"]
[WhiteElo "2380"]
[BlackElo "2350"]
[PlyCount "40"]
[EventDate "1990.08.29"]
[EventType "tourn"]
[EventRounds "9"]
[EventCountry "ENG"]

1. e4 d5 2. exd5 Qxd5 3. Nc3 Qa5 4. d4 Nf6 5. Nf3 c6 6. Ne5 Bf5 7. Bd3 Bxd3 8.
Qxd3 Nbd7 9. Nxd7 Nxd7 10. O-O e6 11. Ne4 Nf6 12. Nxf6+ gxf6 13. Bf4 O-O-O 14.
c3 Bd6 15. Bxd6 Rxd6 16. Qg3 Qd8 17. Qg7 Rd7 18. Qh6 Rd5 19. Qg7 Rd7 20. Qh6
Rd5 1/2-1/2

[Event "NatWest Young Masters"]
[Site "London"]
[Date "1990.08.30"]
[Round "2"]
[White "Ravikumar, Vaidyanathan"]
[Black "Barua, Dibyendu"]
[Result "1/2-1/2"]
[WhiteElo "2355"]
[BlackElo "2490"]
[PlyCount "22"]
[EventDate "1990.08.29"]
[EventType "tourn"]
[EventRounds "9"]
[EventCountry "ENG"]

1. d4 Nf6 2. Nf3 e6 3. Bg5 Be7 4. e3 O-O 5. Nbd2 b6 6. c3 Bb7 7. Bd3 d6 8. O-O
Nbd7 9. Qe2 c5 10. Rac1 Qc7 11. h3 Rfe8 1/2-1/2

[Event "NatWest Young Masters"]
[Site "London"]
[Date "1990.08.30"]
[Round "2"]
[White "Ward, Christopher R"]
[Black "Agnos, Demetrios"]
[Result "1/2-1/2"]
[WhiteElo "2460"]
[BlackElo "2400"]
[PlyCount "119"]
[EventDate "1990.08.29"]
[EventType "tourn"]
[EventRounds "9"]
[EventCountry "ENG"]

1. d4 Nf6 2. c4 g6 3. Nc3 Bg7 4. e4 d6 5. f4 O-O 6. Nf3 c5 7. dxc5 Qa5 8. Bd3
Qxc5 9. Qe2 Nc6 10. Be3 Qh5 11. h3 Ng4 12. Bd2 Nd4 13. Nxd4 Bxd4 14. Rf1 Qh4+
15. Kd1 Nf2+ 16. Kc2 Qg3 17. Be1 Qxd3+ 18. Qxd3 Nxd3 19. Kxd3 Bxc3 20. Bxc3 f5
21. e5 dxe5 22. Bxe5 Bd7 23. Kc3 Bc6 24. Rg1 Rad8 25. Bd4 a6 26. Bb6 Rd7 27. g3
Re8 28. Rge1 Kf7 29. b4 h6 30. a4 g5 31. b5 axb5 32. axb5 Be4 33. Rad1 Rxd1 34.
Rxd1 gxf4 35. gxf4 Rg8 36. Rg1 Rxg1 37. Bxg1 Bg2 38. h4 Kg6 39. Bc5 Kh5 40.
Bxe7 Kg4 41. Bg5 hxg5 42. hxg5 Kh5 43. c5 Kg6 44. Kd4 Bf1 45. c6 bxc6 46. bxc6
Kf7 47. Kc5 Ke7 48. Kb6 Bg2 49. c7 Kd7 50. g6 Bd5 51. g7 Kc8 52. Kc5 Bb3 53.
Kd6 Ba2 54. Ke5 Kxc7 55. Kxf5 Kd7 56. Kg6 Bg8 57. f5 Ke7 58. f6+ Ke6 59. Kg5
Bf7 60. g8=N 1/2-1/2

[Event "NatWest Young Masters"]
[Site "London"]
[Date "1990.08.30"]
[Round "2"]
[White "Webster, Andrew"]
[Black "Tozer, Richard"]
[Result "1-0"]
[WhiteElo "2335"]
[BlackElo "2285"]
[PlyCount "79"]
[EventDate "1990.08.29"]
[EventType "tourn"]
[EventRounds "9"]
[EventCountry "ENG"]

1. c4 f5 2. g3 g6 3. Bg2 Bg7 4. Nc3 Nf6 5. e3 O-O 6. Nge2 e5 7. d4 d6 8. O-O
Nc6 9. dxe5 dxe5 10. Bxc6 bxc6 11. Qxd8 Rxd8 12. b3 g5 13. Ba3 Kf7 14. Rad1 Be6
15. f3 h5 16. Rxd8 Rxd8 17. Rd1 Rg8 18. Nc1 e4 19. fxe4 Ng4 20. exf5 Bxf5 21.
e4 Bc8 22. N1e2 h4 23. h3 Nf6 24. g4 Re8 25. Nd4 Nxe4 26. Nxe4 Rxe4 27. Nxc6
Re3 28. Rd8 Be6 29. Rd2 Bf6 30. Kh2 a6 31. Bb2 Be7 32. Rf2+ Ke8 33. Nxe7 Kxe7
34. Bf6+ Kd7 35. Bxg5 Rc3 36. Bxh4 a5 37. Rd2+ Kc6 38. Re2 Bg8 39. Be1 Rc1 40.
Bxa5 1-0

[Event "NatWest Young Masters"]
[Site "London"]
[Date "1990.08.31"]
[Round "3"]
[White "Agnos, Demetrios"]
[Black "Webster, Andrew"]
[Result "0-1"]
[WhiteElo "2400"]
[BlackElo "2335"]
[PlyCount "102"]
[EventDate "1990.08.29"]
[EventType "tourn"]
[EventRounds "9"]
[EventCountry "ENG"]

1. e4 g6 2. d4 Bg7 3. c4 d6 4. Nc3 Nc6 5. d5 Nd4 6. Be3 c5 7. Nge2 Qb6 8. Nxd4
cxd4 9. Na4 Qa5+ 10. Bd2 Qc7 11. c5 Nf6 12. Bb5+ Bd7 13. Bxd7+ Nxd7 14. cxd6
Qxd6 15. Qb3 Qa6 16. Rc1 O-O 17. Nc5 Nxc5 18. Rxc5 Rac8 19. Rb5 Rc2 20. Qxc2
Qxb5 21. a4 d3 22. axb5 dxc2 23. Bc1 f5 24. f3 fxe4 25. fxe4 Be5 26. Ke2 Kg7
27. g3 h5 28. Kd3 Rc8 29. Re1 Rc5 30. Re2 Rxb5 31. Rxc2 Rb3+ 32. Kc4 Rf3 33.
Re2 Kf6 34. Be3 a6 35. b4 g5 36. Rf2 Rxf2 37. Bxf2 g4 38. Be1 h4 39. Kc5 h3 40.
Kb6 Bd4+ 41. Kxb7 Ke5 42. Kxa6 Kxe4 43. b5 Kxd5 44. b6 Bxb6 45. Kxb6 e5 46. Kb5
Kd4 47. Kb4 Kd3 48. Bc3 Ke2 49. Kc4 Kf3 50. Kd3 e4+ 51. Kd2 Kg2 0-1

[Event "NatWest Young Masters"]
[Site "London"]
[Date "1990.08.31"]
[Round "3"]
[White "Barua, Dibyendu"]
[Black "Madl, Ildiko"]
[Result "1-0"]
[WhiteElo "2490"]
[BlackElo "2375"]
[PlyCount "75"]
[EventDate "1990.08.29"]
[EventType "tourn"]
[EventRounds "9"]
[EventCountry "ENG"]

1. e4 c5 2. Nf3 d6 3. d4 cxd4 4. Nxd4 Nf6 5. Nc3 Nc6 6. Be2 e5 7. Nf3 h6 8. O-O
Be7 9. h3 O-O 10. Re1 Be6 11. Bf1 Nb8 12. b3 a6 13. a4 Qc7 14. Bb2 Rd8 15. Nd5
Bxd5 16. exd5 a5 17. c4 Na6 18. Bd3 Re8 19. Nd2 Rf8 20. f4 exf4 21. Qf3 Nc5 22.
Bc2 Rae8 23. Qxf4 Nfd7 24. Nf3 Bf6 25. Bxf6 Nxf6 26. Nh4 Qb6 27. Kh2 Qb4 28.
Rxe8 Nxe8 29. Qe3 Nf6 30. Nf3 Ne8 31. Rf1 Nd7 32. Nh4 Kh8 33. Ng6+ fxg6 34.
Rxf8+ Nxf8 35. Qxe8 Qd2 36. Qxf8+ Kh7 37. Be4 Qd4 38. Qe7 1-0

[Event "NatWest Young Masters"]
[Site "London"]
[Date "1990.08.31"]
[Round "3"]
[White "Ledger, Andrew"]
[Black "Ward, Christopher R"]
[Result "1/2-1/2"]
[WhiteElo "2350"]
[BlackElo "2460"]
[PlyCount "69"]
[EventDate "1990.08.29"]
[EventType "tourn"]
[EventRounds "9"]
[EventCountry "ENG"]

1. Nf3 c5 2. c3 Nf6 3. d4 e6 4. g3 b6 5. Bg2 Bb7 6. O-O Be7 7. a4 O-O 8. Na3 d5
9. Bf4 Nc6 10. Qb1 Ne4 11. Rd1 cxd4 12. Nxd4 Nxd4 13. cxd4 Qd7 14. Nb5 Rfc8 15.
f3 Nd6 16. Nxd6 Bxd6 17. Bxd6 Qxd6 18. e3 Qb4 19. Bf1 a5 20. Bd3 g6 21. Ra3 Bc6
22. Bc2 Bd7 23. Rdd3 Ra7 24. Rdb3 Qd2 25. Rc3 Rac7 26. Qd1 Rxc3 27. Qxd2 Rxc2
28. Qd3 Rxb2 (28... Rc1+ $1 29. Kg2 R8c2+ 30. Kh3 e5+ 31. g4 e4 $1 {and if
fxe4 then Rg1 wins}) 29. Rc3 Rxc3 30. Qxc3 Rb1+ 31. Kg2 Bxa4 32. Qc8+ Kg7 33.
Qb8 Bd7 34. Qd6 Be8 35. Qe5+ 1/2-1/2

[Event "NatWest Young Masters"]
[Site "London"]
[Date "1990.08.31"]
[Round "3"]
[White "McNab, Colin Anderson"]
[Black "Morris, Philip"]
[Result "0-1"]
[WhiteElo "2385"]
[BlackElo "2380"]
[PlyCount "120"]
[EventDate "1990.08.29"]
[EventType "tourn"]
[EventRounds "9"]
[EventCountry "ENG"]

1. Nf3 d5 2. g3 Nf6 3. Bg2 g6 4. c4 c6 5. b3 Bg7 6. Bb2 O-O 7. O-O Bg4 8. d3
Nbd7 9. Nbd2 a5 10. Qc2 Bxf3 11. Nxf3 Qb6 12. Rac1 a4 13. Bd4 Qa6 14. b4 a3 15.
Qc3 Rfc8 16. Bh3 e6 17. Ne5 Bh6 18. Nxd7 Nxd7 19. f4 dxc4 20. dxc4 c5 21. bxc5
Nxc5 22. Qe3 Qd6 23. Rfd1 Qf8 24. Rb1 Ra5 25. Bxc5 Qxc5 26. Qxc5 Raxc5 27. Rd3
Bf8 28. Rxa3 Rh5 29. g4 Bxa3 30. gxh5 Rxc4 31. Rxb7 Rxf4 32. hxg6 hxg6 33. Rb5
Rd4 34. Ra5 Bd6 35. Bf1 Rd1 36. h3 Kg7 37. Kg2 Rd2 38. a4 f5 39. Ra6 Kf6 40. a5
Ke5 41. Ra8 Ra2 42. a6 Bc5 43. h4 Ra1 44. Rc8 Be3 45. Rg8 Kf6 46. Rf8+ Ke7 47.
Rg8 Kf7 48. Ra8 e5 49. Kf3 Ra3 50. Kg2 e4 51. h5 gxh5 52. Rh8 Rxa6 53. Rxh5 Kg6
54. Rh8 Ra1 55. Rg8+ Kf7 56. Rg3 f4 57. Rh3 Ra2 58. Kh1 Kg6 59. Rh8 Kg5 60.
Rg8+ Kh4 0-1

[Event "NatWest Young Masters"]
[Site "London"]
[Date "1990.08.31"]
[Round "3"]
[White "Tozer, Richard"]
[Black "Ravikumar, Vaidyanathan"]
[Result "0-1"]
[WhiteElo "2355"]
[BlackElo "2285"]
[PlyCount "88"]
[EventDate "1990.08.29"]
[EventType "tourn"]
[EventRounds "9"]
[EventCountry "ENG"]

1. d4 c5 2. d5 e5 3. e4 d6 4. Nc3 a6 5. a4 Ne7 6. Nf3 Nd7 7. Be2 g6 8. O-O Bg7
9. Nd2 O-O 10. Nc4 Nb6 11. Na3 Bd7 12. a5 Nbc8 13. Nc4 Bb5 14. f4 Bxc4 15. Bxc4
f5 16. fxe5 Bxe5 17. Bh6 Rf7 18. Qd2 b5 19. axb6 Nxb6 20. Bxa6 fxe4 21. Rxf7
Kxf7 22. Rf1+ Kg8 23. Be2 Nf5 24. Bg5 e3 25. Bxd8 exd2 26. Bxb6 Bd4+ 27. Kh1
Ne3 28. Rb1 Bxc3 29. bxc3 Rb8 30. Kg1 Kg7 31. Kf2 Nxd5 32. Rb3 Rxb6 33. Rxb6
Nxb6 34. Bf3 Kf6 35. Ke2 Nc4 36. Bb7 Ke5 37. g3 d5 38. Bc8 g5 39. h4 Nd6 40.
Bd7 gxh4 41. gxh4 Ne4 42. Bc6 c4 43. Be8 d4 44. cxd4+ Kxd4 0-1

[Event "NatWest Young Masters"]
[Site "London"]
[Date "1990.09.01"]
[Round "4"]
[White "Madl, Ildiko"]
[Black "Tozer, Richard"]
[Result "0-1"]
[WhiteElo "2375"]
[BlackElo "2285"]
[PlyCount "90"]
[EventDate "1990.08.29"]
[EventType "tourn"]
[EventRounds "9"]
[EventCountry "ENG"]

1. e4 c5 2. Nf3 e6 3. d4 cxd4 4. Nxd4 Nc6 5. Nb5 d6 6. Bf4 e5 7. Be3 Nf6 8.
N1c3 a6 9. Na3 b5 10. Nd5 Nxd5 11. exd5 Ne7 12. c4 Bb7 13. cxb5 Nxd5 14. bxa6
Nxe3 15. Qa4+ Ke7 16. Qh4+ g5 17. Qxg5+ f6 18. Qxe3 Qa5+ 19. Qc3 Qxc3+ 20. bxc3
Bxa6 21. Bxa6 Rxa6 22. Nc2 Ke6 23. Kd2 Bh6+ 24. Kd3 Rb8 25. Nb4 Ra3 26. Rhb1 d5
27. Rb3 Ra4 28. Rab1 Rc8 29. a3 e4+ 30. Ke2 Bf4 31. Rd1 Rc5 32. Nc2 Be5 33.
Nd4+ Kf7 34. h4 h5 35. g3 Kg6 36. Ne6 Rca5 37. Ra1 Kf5 38. Nd8 Rc4 39. Nf7 Rxc3
40. Rxc3 Bxc3 41. Ra2 Ke6 42. Nd8+ Kd7 43. Nf7 d4 44. a4 d3+ 45. Kd1 e3 0-1

[Event "NatWest Young Masters"]
[Site "London"]
[Date "1990.09.01"]
[Round "4"]
[White "McNab, Colin Anderson"]
[Black "Barua, Dibyendu"]
[Result "1/2-1/2"]
[WhiteElo "2385"]
[BlackElo "2490"]
[PlyCount "137"]
[EventDate "1990.08.29"]
[EventType "tourn"]
[EventRounds "9"]
[EventCountry "ENG"]

1. Nf3 d5 2. g3 c6 3. Bg2 Bf5 4. O-O Nf6 5. d3 h6 6. b3 e6 7. Bb2 a5 8. a4 Be7
9. Nbd2 O-O 10. e3 Nbd7 11. Qe2 Qc7 12. e4 dxe4 13. dxe4 Bh7 14. Ne1 e5 15. Nd3
Rfe8 16. Rfd1 Bf8 17. Nc4 b5 18. axb5 cxb5 19. Ne3 Qb6 20. Ra2 a4 21. b4 Qc6
22. f3 Bd6 23. c3 Bc7 24. Ba1 Nf8 25. Kh1 Red8 26. c4 bxc4 27. Nxe5 Rxd1+ 28.
Qxd1 Qb5 29. N5xc4 Qxb4 30. Bxf6 gxf6 31. Bf1 Be5 32. Nd5 Qc5 33. Rc2 Qd4 34.
Rd2 Qa1 35. Qxa1 Bxa1 36. Ndb6 Ra7 37. Ra2 Bd4 38. Rxa4 Bxb6 39. Nxb6 Rxa4 40.
Nxa4 f5 41. exf5 Bxf5 42. Kg2 Kg7 43. Kf2 Ne6 44. Ke3 Bc2 45. Nc3 Kf6 46. Bc4
Nc7 47. Kf4 Bg6 48. Nd1 Ne6+ 49. Bxe6 fxe6 50. Nf2 e5+ 51. Ke3 Ke6 52. g4 Be8
53. h4 Bc6 54. Ne4 Be8 55. Ng3 Kf6 56. f4 exf4+ 57. Kxf4 Kg6 58. Nh5 Bc6 59.
Ke5 Bd7 60. Kf4 Ba4 61. Ng3 Bd1 62. Ne4 Be2 63. Nd6 Bd1 64. h5+ Kg7 65. Nf5+
Kh7 66. Ne3 Be2 67. Kf5 Kg7 68. Ke5 Bf3 69. Nf5+ 1/2-1/2

[Event "NatWest Young Masters"]
[Site "London"]
[Date "1990.09.01"]
[Round "4"]
[White "Morris, Philip"]
[Black "Ward, Christopher R"]
[Result "0-1"]
[WhiteElo "2380"]
[BlackElo "2460"]
[PlyCount "54"]
[EventDate "1990.08.29"]
[EventType "tourn"]
[EventRounds "9"]
[EventCountry "ENG"]

1. e4 c5 2. Nf3 e6 3. d4 cxd4 4. Nxd4 a6 5. Bd3 Qc7 6. O-O Nf6 7. c4 d6 8. Nc3
g6 9. b3 Nbd7 10. Bb2 Bg7 11. Qd2 O-O 12. Rad1 b6 13. Bb1 Rd8 14. Nde2 Nc5 15.
Ng3 Bb7 16. f4 b5 17. cxb5 axb5 18. b4 Na4 19. Nxa4 bxa4 20. f5 e5 21. a3 d5
22. exd5 Nxd5 23. Qf2 Nf4 24. Ne4 gxf5 25. Ng5 Bxg2 26. Bxf5 h6 27. Rxd8+ Rxd8
0-1

[Event "NatWest Young Masters"]
[Site "London"]
[Date "1990.09.01"]
[Round "4"]
[White "Ravikumar, Vaidyanathan"]
[Black "Agnos, Demetrios"]
[Result "1/2-1/2"]
[WhiteElo "2355"]
[BlackElo "2400"]
[PlyCount "89"]
[EventDate "1990.08.29"]
[EventType "tourn"]
[EventRounds "9"]
[EventCountry "ENG"]

1. d4 Nf6 2. Nf3 g6 3. c4 Bg7 4. Nc3 O-O 5. e3 d6 6. Be2 Nbd7 7. b3 e5 8. Bb2
Re8 9. Qc2 c6 10. O-O e4 11. Nd2 Qe7 12. Rae1 Nf8 13. f3 exf3 14. Bxf3 Ne6 15.
Nce4 Nxe4 16. Bxe4 f5 17. Bd3 Bd7 18. Qc1 Rf8 19. Nf3 Ng5 20. Nxg5 Qxg5 21. e4
f4 22. Rf2 Qh4 23. d5 Be5 24. Bxe5 dxe5 25. c5 g5 26. Bc4 Kg7 27. Qc3 Rae8 28.
b4 g4 29. g3 Qg5 30. gxf4 Rxf4 31. Rxf4 Qxf4 32. d6 Rf8 33. Rf1 Qg5 34. Rxf8
Kxf8 35. Bb3 Kg7 36. Qe1 Qf4 37. Qf2 Kf6 38. Qh4+ Kg6 39. Qd8 Qe3+ 40. Kf1 Qf4+
41. Kg1 Qc1+ 42. Kf2 Qd2+ 43. Kf1 Qd3+ 44. Kg1 Qe3+ 45. Kf1 1/2-1/2

[Event "NatWest Young Masters"]
[Site "London"]
[Date "1990.09.01"]
[Round "4"]
[White "Webster, Andrew"]
[Black "Ledger, Andrew"]
[Result "1-0"]
[WhiteElo "2335"]
[BlackElo "2350"]
[PlyCount "63"]
[EventDate "1990.08.29"]
[EventType "tourn"]
[EventRounds "9"]
[EventCountry "ENG"]

1. Nf3 Nf6 2. d4 g6 3. Bg5 Bg7 4. Nbd2 d5 5. e3 O-O 6. c3 b6 7. b4 c5 8. Bd3
Ba6 9. Qe2 Bxd3 10. Qxd3 Nbd7 11. O-O Qe8 12. Rad1 Rc8 13. Rfe1 cxb4 14. cxb4
Nb8 15. b5 Qd7 16. Ne5 Qe6 17. Qb3 Nfd7 18. Nd3 Nf6 19. Rc1 Qd7 20. Bf4 Ne4 21.
Nxe4 dxe4 22. Nb4 Rxc1 23. Rxc1 Rc8 24. Rxc8+ Qxc8 25. Qc2 Qxc2 26. Nxc2 Nd7
27. Bc7 e5 28. d5 Nc5 29. Nb4 f6 30. Na6 Nd7 31. Nb8 Nc5 32. d6 1-0

[Event "NatWest Young Masters"]
[Site "London"]
[Date "1990.09.02"]
[Round "5"]
[White "Agnos, Demetrios"]
[Black "Madl, Ildiko"]
[Result "1/2-1/2"]
[WhiteElo "2400"]
[BlackElo "2375"]
[PlyCount "114"]
[EventDate "1990.08.29"]
[EventType "tourn"]
[EventRounds "9"]
[EventCountry "ENG"]

1. d4 Nf6 2. Nf3 c5 3. d5 e6 4. Nc3 d6 5. e4 exd5 6. exd5 Be7 7. Bb5+ Bd7 8. a4
O-O 9. O-O h6 10. Re1 Re8 11. h3 Na6 12. Nd2 Nc7 13. Bxd7 Qxd7 14. Nc4 Bf8 15.
Be3 Qf5 16. g4 Qg6 17. f3 Nd7 18. Qd2 f5 19. Bf4 fxg4 20. fxg4 h5 21. g5 Nb6
22. Nxb6 axb6 23. Kg2 Rad8 24. Rf1 Rd7 25. Rf3 Rf7 26. Raf1 Be7 27. Qd3 Qxd3
28. Rxd3 Ref8 29. Rdf3 Kh7 30. h4 Kg6 31. Bg3 Rxf3 32. Rxf3 Rxf3 33. Kxf3 Kf5
34. Ne4 Nxd5 35. Bxd6 Ke6 36. Bxe7 Nxe7 37. a5 Nf5 38. axb6 Kd5 39. c4+ Kc6 40.
Kf4 Nxh4 41. Ke5 g6 42. Kf6 Kxb6 43. b3 Kc6 44. Nc3 Nf3 45. Kxg6 h4 46. Kh5 h3
47. Ne4 h2 48. Nf2 Ne5 49. Kh4 Kb6 50. Kg3 Ka5 51. Kxh2 Nf3+ 52. Kg3 Nxg5 53.
Nd3 b6 54. Kf4 Ne6+ 55. Ke5 Ng5 56. Kd5 Nf3 57. Nxc5 Nd2 1/2-1/2

[Event "NatWest Young Masters"]
[Site "London"]
[Date "1990.09.02"]
[Round "5"]
[White "Barua, Dibyendu"]
[Black "Morris, Philip"]
[Result "1/2-1/2"]
[WhiteElo "2490"]
[BlackElo "2380"]
[PlyCount "113"]
[EventDate "1990.08.29"]
[EventType "tourn"]
[EventRounds "9"]
[EventCountry "ENG"]

1. e4 c5 2. Nf3 e6 3. Nc3 a6 4. d4 cxd4 5. Nxd4 Qc7 6. Bd3 Nc6 7. Nxc6 bxc6 8.
f4 d5 9. O-O Nf6 10. Kh1 Be7 11. Qf3 Bb7 12. Qg3 g6 13. exd5 cxd5 14. Be3 h5
15. Bd4 h4 16. Qh3 Rh5 17. Rae1 Kf8 18. Re5 Rh7 19. Na4 Ne4 20. Bxe4 dxe4 21.
Bc5 e3 22. Bxe7+ Qxe7 23. Rxe3 Rd8 24. Rd3 Rxd3 25. cxd3 Qb4 26. b3 Qd4 27. Re1
Qf2 28. Rg1 Rh5 29. b4 Qxf4 30. Nc5 Bd5 31. Ne4 Bxe4 32. dxe4 Qxe4 33. a3 a5
34. bxa5 Rxa5 35. Qc3 Qe5 36. Qb4+ Kg7 37. Qxh4 Rxa3 38. h3 Re3 39. Qf2 Re2 40.
Qf3 Re3 41. Qf2 Qg3 42. Qd2 Qf4 43. Qb2+ e5 44. Qb5 Qe4 45. Kh2 Qf4+ 46. Kh1
Qe4 47. Kh2 Re2 48. Qa6 Qf4+ 49. Kh1 Qf2 50. Qd6 e4 51. Qe5+ Kh7 52. Kh2 e3 53.
Qg3 Qxg3+ 54. Kxg3 Kh6 55. Kf3 Rf2+ 56. Kxe3 Rf5 57. Rb1 1/2-1/2

[Event "NatWest Young Masters"]
[Site "London"]
[Date "1990.09.02"]
[Round "5"]
[White "Ledger, Andrew"]
[Black "Ravikumar, Vaidyanathan"]
[Result "0-1"]
[WhiteElo "2350"]
[BlackElo "2355"]
[PlyCount "67"]
[EventDate "1990.08.29"]
[EventType "tourn"]
[EventRounds "9"]
[EventCountry "ENG"]

1. e4 c5 2. Nf3 Nc6 3. Bb5 Qb6 4. Nc3 e6 5. O-O Nd4 6. a4 a6 7. Bc4 Qc7 8. d3
Bd6 9. h3 Ne7 10. Nxd4 cxd4 11. Ne2 Nc6 12. f4 b6 13. Bd2 Bb7 14. Qe1 O-O 15.
f5 Rfe8 16. f6 g6 17. Qh4 Na5 18. e5 Bf8 19. Bxa5 bxa5 20. Qg5 Bd5 21. b3 d6
22. exd6 Qxd6 23. Kh1 Rac8 24. Bxd5 exd5 25. Nxd4 h6 26. Qg4 Qb4 27. Rac1 Rc7
28. c3 Rxc3 29. Qxg6+ (29. Rxc3 $1 Qxc3 30. Qxg6+ {would win}) 29... Kh8 30.
Qxf7 Rxc1 31. Rxc1 Re1+ 32. Rxe1 Qxe1+ 33. Kh2 Bd6+ 34. g3 0-1

[Event "NatWest Young Masters"]
[Site "London"]
[Date "1990.09.02"]
[Round "5"]
[White "Tozer, Richard"]
[Black "McNab, Colin Anderson"]
[Result "0-1"]
[WhiteElo "2285"]
[BlackElo "2385"]
[PlyCount "96"]
[EventDate "1990.08.29"]
[EventType "tourn"]
[EventRounds "9"]
[EventCountry "ENG"]

1. d4 d6 2. e4 Nf6 3. Nc3 g6 4. Nf3 Bg7 5. Be3 c6 6. Qd2 b5 7. Bd3 Bg4 8. Bh6
Bxh6 9. Qxh6 Bxf3 10. gxf3 Nbd7 11. O-O-O Qb6 12. f4 Qxd4 13. Bxb5 Qc5 14. Ba4
Ng4 15. Qg7 O-O-O 16. Rhe1 Rdf8 17. Bb3 Rhg8 18. Qxh7 Qxf2 19. f5 Rh8 20. Qg7
Nge5 21. Bxf7 Nxf7 22. fxg6 Rxh2 23. Re2 Qf4+ 24. Kb1 Rxe2 25. Nxe2 Qe5 26. Qh7
Ng5 27. Qh6 Rh8 28. g7 Rg8 29. Nd4 Qxg7 30. Qh5 Ne5 31. a4 Kd7 32. Rg1 Qf7 33.
Rxg5 Qf1+ 34. Ka2 Rxg5 35. Qxg5 Qc4+ 36. Nb3 Qxa4+ 37. Kb1 Qxe4 38. Qg8 a5 39.
Qa8 a4 40. Na5 Qh1+ 41. Ka2 Qd5+ 42. Ka3 Qb5 43. Qa7+ Ke6 44. Qa8 Qxa5 45. Qxa5
Nc4+ 46. Kxa4 Nxa5 47. Kxa5 Kd5 48. Kb4 Kd4 0-1